Shakespeare : (Record no. 137362)

MARC details
000 -CABECERA
campo de control de longitud fija 01894nam a2200349 i 4500
001 - NÚMERO DE CONTROL
campo de control 991061739563406706
003 - IDENTIFICADOR DEL NÚMERO DE CONTROL
campo de control ES-BaIT
005 - FECHA Y HORA DE LA ÚLTIMA TRANSACCIÓN
campo de control 20260413115249.0
008 - DATOS DE LONGITUD FIJA--INFORMACIÓN GENERAL
campo de control de longitud fija 260407e202509 spca 000 0 spa|c
017 ## - NÚMERO DE COPYRIGHT O DE DEPÓSITO LEGAL
Número de copyright o de depósito legal DL M 11808-2025
Agencia que asigna Oficina DL de Madrid
020 ## - NÚMERO INTERNACIONAL ESTÁNDAR DEL LIBRO
Número Internacional Estándar del Libro 9788419509390
040 ## - FUENTE DE LA CATALOGACIÓN
Centro catalogador/agencia de origen ES-BaIT
Lengua de catalogación cat
Normas de descripción rda
Centro/agencia transcriptor ES-BaIT
041 1# - CÓDIGO DE LENGUA
Código de lengua del texto/banda sonora o título independiente spa
Código de lengua original eng
080 ## - NÚMERO DE LA CLASIFICACIÓN DECIMAL UNIVERSAL
Número de la Clasificación Decimal Universal 820-2"15" Shakespeare, William.09
100 1# - ENTRADA PRINCIPAL--NOMBRE DE PERSONA
Nombre de persona Dench, Judi,
Fechas asociadas al nombre 1934-
Término indicativo de función/relación entrevistat,
-- il·lustrador
9 (RLIN) 65916
240 1# - TÍTULO UNIFORME
Título uniforme Shakespeare, the man who pays the rent.
Lenguaje de la obra Castellà
9 (RLIN) 169237
245 10 - MENCIÓN DE TÍTULO
Título Shakespeare :
Resto del título el hombre que paga el alquiler /
Mención de responsabilidad, etc. Judi Dench y Brendan O'Hea ; ilustraciones de Judi Dench ; traducción de Ainhoa Segura Alcalde
250 ## - MENCIÓN DE EDICIÓN
Mención de edición Primera edición
264 #1 - PRODUCCIÓN, PUBLICACIÓN, DISTRIBUCIÓN, FABRICACIÓN Y COPYRIGHT
Producción, publicación, distribución, fabricación y copyright Madrid :
Nombre del de productor, editor, distribuidor, fabricante NeoPerson Club,
Fecha de producción, publicación, distribución, fabricación o copyright septiembre de 2025
300 ## - DESCRIPCIÓN FÍSICA
Extensión 476 pàgines :
Otras características físicas il·lustracions ;
Dimensiones 21 cm
336 ## - TIPO DE CONTENIDO
Término de tipo de contenido text
Código de tipo de contenido txt
Fuente rdacontent
337 ## - TIPO DE MEDIO
Nombre/término del tipo de medio sense mediació
Código del tipo de medio n
Fuente rdamedia
338 ## - TIPO DE SOPORTE
Nombre/término del tipo de soporte volum
Código del tipo de soporte nc
Fuente rdacarrier
520 ## - SUMARIO, ETC.
Sumario, etc. "Por primera vez, Judi Dench habla de todos los papeles de Shakespeare que ha interpretado en sus siete décadas de carrera, desde Lady Macbeth y Titania hasta Ofelia y Cleopatra. En una serie de conversaciones con el actor y director Brendan O’Hea, la autora revela no solo los secretos de sus ensayos sino también sus triunfos, desastres y travesuras entre bastidores, todo ello rociado de una sorprendente sinceridad y un gran sentido del humor. Esta es la carta de amor que Judi dedica a William Shakespeare o, mejor dicho, al hombre que paga el alquiler." -- Contracoberta
600 17 - PUNTO DE ACCESO ADICIONAL DE MATERIA--NOMBRE DE PERSONA
Nombre de persona Shakespeare, William,
Fechas asociadas al nombre 1564-1616
Subdivisión general Crítica i interpretació
9 (RLIN) 55834
600 10 - PUNTO DE ACCESO ADICIONAL DE MATERIA--NOMBRE DE PERSONA
Nombre de persona Dench, Judi,
Fechas asociadas al nombre 1934-
Subdivisión de forma Intervius
Fuente del encabezamiento o término lemac
9 (RLIN) 169238
700 1# - ENTRADA AGREGADA--NOMBRE PERSONAL
Nombre de persona O'Hea, Brendan
Término indicativo de función/relación entrevistador
9 (RLIN) 169239
700 1# - ENTRADA AGREGADA--NOMBRE PERSONAL
Nombre de persona Segura Alcalde, Ainhoa
Término indicativo de función/relación traductor
9 (RLIN) 169240
908 ## - COLOCAR PARÁMETRO DE COMANDO (RLIN)
Colocar parámetro de comando CDMAE
940 ## - EQUIVALENCIA O REFERENCIA-CRUZADA--TÍTULO UNIFORME [OBSOLETO] [solamente CAN/MARC]
Título uniforme <a href="CVA7">CVA7</a>
942 ## - ELEMENTOS DE ENTRADA AGREGADA (KOHA)
Fuente del sistema de clasificación o colocación Clasificación decimal universal
Tipo de ítem Koha Llibre
Holdings
Estado de retiro Estado de pérdida Fuente del sistema de clasificación o colocación Estado dañado No para préstamo Localización permanente Ubicación/localización actual Ubicación en estantería Fecha de adquisición Fuente de adquisición Total de préstamos Signatura topográfica completa Código de barras Fecha visto por última vez Precio válido a partir de Tipo de ítem Koha
    Clasificación decimal universal   Novetat Biblioteca Barcelona Biblioteca Barcelona BCN Lliure Accés 13/04/2026 Compra   820 (shak) DEN 1900090015 13/04/2026 13/04/2026 Llibre

Powered by Koha